书目信息 |
| 题名: |
美国中小学公民教育课程标准研究
|
|
| 作者: | 聂迎娉, 著 | |
| 分册: | ||
| 出版信息: | 北京 人民日报出版社 2018 |
|
| 页数: | 196页 | |
| 开本: | 24cm | |
| 丛书名: | 当代中国学术文库 | |
| 单 册: | ||
| 中图分类: | G631.6 , G639.712 | |
| 科图分类: | ||
| 主题词: | 中小学--zhong xiao xue--公民教育--课程标准--研究--美国 | |
| 电子资源: | ||
| ISBN: | 978-7-5115-5082-8 | |
| 000 | 01208nam 2200301 450 | |
| 001 | 012001001152 | |
| 005 | 20131026114125.0 | |
| 010 | @a978-7-5115-5082-8@dCNY46.00 | |
| 099 | @aCAL 012018070173 | |
| 100 | @a20180612d2018 em y0chiy50 ea | |
| 101 | 0 | @achi |
| 102 | @aCN@b110000 | |
| 105 | @ak a 000yy | |
| 106 | @ar | |
| 200 | 1 | @a美国中小学公民教育课程标准研究@Amei guo zhong xiao xue gong min jiao yu ke cheng biao zhun yan jiu@f聂迎娉著 |
| 210 | @a北京@c人民日报出版社@d2018 | |
| 215 | @a196页@d24cm | |
| 225 | 2 | @a当代中国学术文库@Adang dai zhong guo xue shu wen ku |
| 300 | @a教育部人文社会科学研究青年基金项目“政治文化变迁中的美国公民教育课程研究及启示” | |
| 320 | @a有书目 (第175-193页) | |
| 330 | @a本书对我国学校思想政治教育课程建设提出了几点思考,认为我国应构建以公民意识为中心的连贯、系统的思想政治教育课程体系,重视和加强思想政治教育社会性资源培育,修订和完善思想政治教育课程的评价体系。 | |
| 410 | 0 | @12001 @a当代中国学术文库 |
| 606 | 0 | @a中小学@Azhong xiao xue@x公民教育@x课程标准@x研究@y美国 |
| 690 | @aG631.6@v5 | |
| 690 | @aG639.712@v5 | |
| 701 | 0 | @a聂迎娉,@Anie ying ping@f1988-@4著 |
| 801 | 2 | @aCN@b上海新华@c20191020 |
| 905 | @b1222745-8@dG631.6@e885@f4 | |
| 美国中小学公民教育课程标准研究/聂迎娉著.-北京:人民日报出版社,2018 |
| 196页;24cm.-(当代中国学术文库) |
| 教育部人文社会科学研究青年基金项目“政治文化变迁中的美国公民教育课程研究及启示” |
| ISBN 978-7-5115-5082-8:CNY46.00 |
| 本书对我国学校思想政治教育课程建设提出了几点思考,认为我国应构建以公民意识为中心的连贯、系统的思想政治教育课程体系,重视和加强思想政治教育社会性资源培育,修订和完善思想政治教育课程的评价体系。 |
| ● |
| 相关链接 |
|
|
|
|
正题名:美国中小学公民教育课程标准研究
索取号:G631.6/885
 
预约/预借
| 序号 | 登录号 | 条形码 | 馆藏地/架位号 | 状态 | 备注 |
| 1 | 1222745 | 212227455 | 第一样本阅览室/ [索取号:G631.6/885] | 在馆 | |
| 2 | 1222746 | 212227464 | 教育系资料室/ [索取号:G631.6/885] | 在馆 | |
| 3 | 1222747 | 212227473 | 教育系资料室/ [索取号:G631.6/885] | 在馆 | |
| 4 | 1222748 | 212227482 | 第四借阅区/ [索取号:G631.6/885] | 在馆 |